[Event "FMDA-chT Superior"]
[Site "Buenos Aires"]
[Date "2000.12.16"]
[Round "6"]
[White "Mathov, Nicolas"]
[Black "Perdomo, Leandro Daniel"]
[Result "0-1"]
[WhiteElo "2149"]
[BlackElo "2213"]
[PlyCount "74"]
[EventDate "2000.12.02"]
[EventType "team"]
[EventRounds "7"]
[EventCountry "ARG"]
[SourceTitle "EXT 2002"]
[Source "ChessBase"]
[SourceDate "2001.11.25"]
[SourceVersion "1"]
[SourceVersionDate "2001.11.25"]
[SourceQuality "1"]

1. c4 g6 2. Nc3 Bg7 3. g3 e5 4. Bg2 Nc6 5. e4 h5 6. h4 Nd4 7. Nge2 Ne6 8. d3 Nh6 9. 0-0 0-0 10. d4 d6 11. d5 Nc5 12. b4 Na6 13. Rb1 c5 14. dxc6 bxc6 15. b5 cxb5 16. cxb5 Nc5 17. Nd5 Bb7 18. Bg5 f6 19. Bc1 Kh7 20. Nec3 Ne6 21. Bh3 Nd4 22. Be3 f5 23. Bg5 Qa5 24. exf5 Nhxf5 25. a4 Rac8 26. Bg2 Rxc3 27. Nxc3 Bxg2 28. Kxg2 Qxc3 29. Rc1 Qa5 30. Bd2 Qb6 31. f3 Qb7 32. Kh2 e4 33. fxe4 Qxe4 34. Bf4 Nxh4 35. gxh4 Rxf4 36. Rxf4 Qxf4+ 37. Kg2 Nf5 0-1